000 00636nam a2200229 a 4500
001 25030
003 BD-RjUL
005 20211209050823.0
008 140316r19601955enk 000 0 eng d
035 _a(BD-RjUL)25099
040 _aPAU
_cPAU
_dEQO
_dBD-RjUL
_beng
041 _aeng
082 0 4 _a954
_bKAI 1960
_223
090 _aDS421
_b.H8 1955
100 0 _aKabir, Humayun
_d1906-1969.
_967614
245 1 4 _aThe Indian heritage /
_cHumayun Kabir
250 _a3rd ed.
260 _aLondon :
_bAsia Publishing House,
_c1955 []reprinted 1960].
300 _ax, 142 p. ;
_c22 cm.
651 0 _aIndia
_xHistory.
_976996
942 _2ddc
_cBK
999 _c25030
_d25030